[Event "Wiesbaden op 29th"]
[Site "Wiesbaden"]
[Date "2017.08.27"]
[Round "7"]
[White "Brechlin, Olaf"]
[Black "Stieg, Bastian"]
[Result "1/2-1/2"]
[WhiteElo "1879"]
[BlackElo "1730"]
[PlyCount "62"]
[EventDate "2017.08.24"]
[EventType "swiss"]
[EventRounds "7"]
[EventCountry "GER"]
[SourceTitle "CBM 180 Extra"]
[Source "ChessBase"]
[SourceDate "2017.10.06"]
[SourceVersion "1"]
[SourceVersionDate "2017.10.06"]
[SourceQuality "1"]

1. Nc3 d5 2. e4 e6 3. e5 c5 4. f4 Nc6 5. Nf3 Nge7 6. Bb5 Bd7 7. 0-0 a6 8. Bxc6 Bxc6 9. d3 Nf5 10. Qe1 h5 11. Ne2 h4 12. c3 Be7 13. d4 Qb6 14. g4 hxg3 15. Nxg3 Nxg3 16. hxg3 0-0-0 17. Kg2 Bb5 18. Rh1 Bd3 19. b3 Be4 20. Rxh8 Rxh8 21. Ba3 Qa5 22. Qc1 Qc7 23. Kf2 Kb8 24. Qb2 cxd4 25. Bxe7 Qxe7 26. cxd4 Qb4 27. Rc1 Ka8 28. a3 Qb5 29. Qc3 Kb8 30. Qc7+ Ka8 31. Qc3 Kb8 1/2-1/2

[Event "Oberfranken-ch Q 0809"]
[Site "Schney"]
[Date "2009.01.02"]
[Round "1"]
[White "Stieg, Bastian"]
[Black "Bauer, Martin2222"]
[Result "1-0"]
[WhiteElo "1728"]
[BlackElo "1294"]
[PlyCount "97"]
[EventDate "2009.01.02"]
[EventType "swiss"]
[EventRounds "6"]
[EventCountry "GER"]
[SourceTitle "EXT 2015"]
[Source "ChessBase"]
[SourceDate "2014.11.20"]
[SourceVersion "1"]
[SourceVersionDate "2014.11.20"]
[SourceQuality "1"]

1. c4 Nc6 2. g3 Nf6 3. Bg2 g6 4. Nc3 Bg7 5. d4 e6 6. e4 0-0 7. Nge2 d6 8. 0-0 e5 9. d5 Na5 10. Qd3 c5 11. dxc6 Nxc6 12. Rd1 Ne8 13. Nb5 Bg4 14. f3 Be6 15. b3 f5 16. Nxd6 Nxd6 17. Qxd6 Qc8 18. Be3 Rd8 19. Qa3 f4 20. Bf2 g5 21. g4 Bf8 22. Qb2 Qc7 23. Nc3 a6 24. Nd5 Qf7 25. Rd2 Qg7 26. Rad1 Bxd5 27. Rxd5 h6 28. Bf1 Qf6 29. Qd2 Be7 30. Bb6 Rdc8 31. Bf2 Rd8 32. Rd7 Bb4 33. Qb2 Rab8 34. a3 Be7 35. R7d5 Ra8 36. Kg2 Kf7 37. b4 Rxd5 38. cxd5 Rd8 39. Qb3 Kg7 40. dxc6 bxc6 41. Rxd8 Bxd8 42. Bxa6 Qd6 43. Qd3 Qc7 44. Bc5 Bf6 45. Qd6 Bd8 46. Qxc7+ Bxc7 47. Bc4 Kg6 48. a4 Kf6 49. a5 1-0

[Event "Oberfranken-ch M 0708"]
[Site "Schney"]
[Date "2008.01.04"]
[Round "5"]
[White "Laustsen, Karl Johann"]
[Black "Stieg, Bastian"]
[Result "1/2-1/2"]
[WhiteElo "1898"]
[BlackElo "1740"]
[PlyCount "43"]
[EventDate "2008.01.02"]
[EventType "swiss"]
[EventRounds "7"]
[EventCountry "GER"]
[SourceTitle "CBM 122 Extra"]
[Source "ChessBase"]
[SourceDate "2008.03.04"]
[SourceVersion "1"]
[SourceVersionDate "2008.03.04"]
[SourceQuality "1"]

1. d4 e6 2. Nf3 d5 3. Bg5 Nf6 4. e3 Be7 5. Bd3 Nbd7 6. 0-0 c5 7. c3 0-0 8. Nbd2 b6 9. Qe2 Bb7 10. e4 dxe4 11. Nxe4 Nxe4 12. Bxe7 Qxe7 13. Bxe4 Bxe4 14. Qxe4 Nf6 15. Qe2 Rac8 16. Rad1 Rfd8 17. Rd2 cxd4 18. Nxd4 Qb7 19. Nf3 Qe4 20. Rfd1 Rxd2 21. Qxd2 h6 22. Qd4 1/2-1/2

[Event "Oberfranken-ch M 0708"]
[Site "Schney"]
[Date "2008.01.02"]
[Round "1"]
[White "Stieg, Bastian"]
[Black "Geisensetter, Franz"]
[Result "0-1"]
[WhiteElo "1740"]
[BlackElo "2065"]
[PlyCount "80"]
[EventDate "2008.01.02"]
[EventType "swiss"]
[EventRounds "7"]
[EventCountry "GER"]
[SourceTitle "CBM 122 Extra"]
[Source "ChessBase"]
[SourceDate "2008.03.04"]
[SourceVersion "1"]
[SourceVersionDate "2008.03.04"]
[SourceQuality "1"]

1. c4 Nf6 2. Nc3 e5 3. g3 Bc5 4. Bg2 c6 5. e4 b5 6. Nf3 b4 7. Na4 Nxe4 8. Nxc5 Nxc5 9. Nxe5 Qe7 10. Qe2 0-0 11. Nf3 Qxe2+ 12. Kxe2 Re8+ 13. Kd1 Nd3 14. Rf1 d6 15. Ne1 Bf5 16. b3 a5 17. a4 Nxe1 18. Rxe1 Bc2+ 19. Kxc2 Rxe1 20. Bb2 Rxa1 21. Bxa1 Ra7 22. Bd4 c5 23. Be3 Re7 24. d3 Nd7 25. Kd2 h6 26. h3 g5 27. f4 f6 28. Bf3 Kg7 29. Bg4 Kg6 30. Bxd7 Rxd7 31. d4 Kf5 32. Kd3 h5 33. fxg5 fxg5 34. dxc5 dxc5+ 35. Ke2 Rc7 36. Kd3 Rc8 37. Ke2 g4 38. h4 Ke4 39. Bf4 Rd8 40. Bc7 Rd3 0-1

[Event "Oberfranken-ch Q 0607"]
[Site "Schney"]
[Date "2007.01.03"]
[Round "5"]
[White "Hohenberger, Hans Kurt"]
[Black "Stieg, Bastian"]
[Result "1/2-1/2"]
[WhiteElo "1849"]
[BlackElo "1675"]
[PlyCount "64"]
[EventDate "2007.01.02"]
[EventType "swiss"]
[EventRounds "6"]
[EventCountry "GER"]
[SourceTitle "EXT 2015"]
[Source "ChessBase"]
[SourceDate "2014.11.20"]
[SourceVersion "1"]
[SourceVersionDate "2014.11.20"]
[SourceQuality "1"]

1. d4 d5 2. c4 c6 3. e3 Nf6 4. Bd3 Bg4 5. Ne2 e6 6. h3 Bxe2 7. Qxe2 Nbd7 8. Nc3 a6 9. a3 dxc4 10. Bxc4 Nb6 11. Ba2 c5 12. dxc5 Bxc5 13. b4 Be7 14. 0-0 0-0 15. Rd1 Qc7 16. Bb2 Rad8 17. f4 Rxd1+ 18. Rxd1 Rd8 19. Rxd8+ Bxd8 20. Kf2 Be7 21. g3 Qd7 22. e4 Na4 23. Nxa4 Qxa4 24. Qc4 Qd1 25. Qc8+ Bf8 26. Bxf6 gxf6 27. Qc3 Qh1 28. Bb3 Qxh3 29. Qxf6 Qh2+ 30. Kf3 Qh1+ 31. Ke3 Qg1+ 32. Kf3 Qh1+ 1/2-1/2